000 00625nam a2200181 a 4500
008 120416s1993 ||||||||||||||||| || u
020 _a0023769211
050 _aHF 5415.13 Mas
100 _aEzell, Hazel F
245 1 0 _aMarketing management
260 _aNew York:
_bMacmillan
_c1993
300 _axix, 714 p. : ill.
350 _a0.00
650 0 _aMARKETING--MANAGEMENT--CASE STUDIES
650 _aMARKETING--MANAGEMENT
700 _aMason, Joseph Barry
995 _D0.00
_FCBU-MAIN LIBRARY (Kitwe)
_H1
_I24.95
_M1
_UAVAILABLE
_ZMain Library Open Access Collection
999 _c50459
_d50459